| 000 | 00912cam a22002897a 4500 | ||
|---|---|---|---|
| 003 | CHAP | ||
| 005 | 20220329141652.0 | ||
| 008 | 971013c19681946 r 00010 d | ||
| 010 | _a71922 | ||
| 011 | _a72894 | ||
| 035 | _a82450 | ||
| 040 | _cCHAP | ||
| 082 |
_a595.122 _bD3 |
||
| 100 | 0 | 0 |
_aDawes, Ben. _931312 |
| 245 | 1 | 4 |
_aThe trematoda _b: with special reference to british and other european forms |
| 260 |
_aLondon : _bCambridge University, _c1968 (c.1946) |
||
| 300 |
_a644 p. _b: ilus |
||
| 590 |
_aBATCH-UPD _b10 _c20130110 _lUCH01 _h0445 |
||
| 590 |
_aBATCH-UPD _b10 _c20130110 _lUCH01 _h2127 |
||
| 590 |
_aBATCH-UPD _b10 _c20130410 _lUCH01 _h0121 |
||
| 590 |
_aBATCH-UPD _b10 _c20130914 _lUCH01 _h1137 |
||
| 590 |
_aCONVERSION _b10 _c20130109 _lUCH01 _h1339 |
||
| 650 | 1 | 4 |
_aTremátodos. _9114814 |
| 901 | _aBK | ||
| 942 | _cLIBRO | ||
| 949 |
_a595.122 D3 _bBC _cLIBRO _d33724000371563 _eLIBRO _h41236 _i82450 _si |
||
| 999 |
_c71922 _d71922 |
||